WW2 Multiple Choice - Statistics

General Stats
  • This quiz has been taken 25 times
  • The average score is 8 of 15
Answer Stats
Question Answer % Correct
What battle was the turning point in the Pacific theatre? Battle of Midway
85%
What year did the United States enter the war? 1941
80%
Which battle came first? Battle of Dunkirk
80%
Who was the head of the Luftwaffe in WW2? Hermann Göring
80%
Which countries were allies of Germany (NOT including Italy, and Japan)? Romania, Finland, Hungary
80%
Which month did the Americans use the atom bomb on the Japanese? August
70%
What was the caliber of the Germans most used and feared artillery piece, because of its high probability of penetration? 88mm
55%
Where was the last land battle of WW2? Okinawa
55%
Before the Japanese surrendered what did they have full control of? Korea
50%
Which Country was neutral but joined the allies in 1943? (kind of) Brazil
45%
What was the 1st jet fighter of WW2? Me 262
45%
Which plane did the German fighter ace Erich Hartmann fly in? Bf-109
35%
Which one of these people was the commander of the flying tigers? Claire Lee Chennault
35%
The Germans feared this allied tank due to its thick armor and large caliber gun? IS-2
20%
What was the last major Japanese victory? Operation Ichi-Go
20%
No matching quizzes found
Score Distribution
Percent of People with Each Score
Percentile by Number Answered
Your Score History
You have not taken this quiz